000 01025nam a22002417a 4500
999 _c12523
_d12523
005 20251125232836.0
008 s2543 th tha d
020 _a9748765687
040 _aNALT
041 _atha
050 _aHD47.4 ก855ท 2543
100 0 _aเกียรติศักดิ์ จีรเธียรนาถ
245 1 0 _aเทคนิคการลดค่าใช้จ่ายในองค์กรธุรกิจ [4th]
260 3 _aกรุงเทพฯ :
_bเอ็กซเปอร์เน็ทบุ๊คส์,
_c2543
300 _a134 หน้า :
_b ตาราง ;
_c 21 ซม.
650 0 4 _aการบริหารธุรกิจ -- ค่าใช้จ่าย
650 0 4 _aต้นทุนและประสิทธิผล
650 0 4 _aธุรกิจ -- ค่าใช้จ่าย
850 _aNALT
856 4 0 _uhttps://hdl.handle.net/20.500.14156/424060
_71
942 _cGB
_2lcc